Judicial approach to Interpretation of constitutrion (Record no. 31708)

MARC details
000 -LEADER
fixed length control field 00368nam a2200145Ia 4500
020 ## - INTERNATIONAL STANDARD BOOK NUMBER
ISBN 9789789584468
050 ## - CALL MARK
Classification number KP 77 .I5/
100 ## - STATEMENT OF RESPONSIBILITY--MAIN AUTHOR NAME
Personal name Ijaiya, Olasunknmi Hakeem.
245 #0 - TITLE STATEMENT
Title Judicial approach to Interpretation of constitutrion
260 ## - PUBLICATION, DISTRIBUTION, ETC. (IMPRINT)
Year of publication 2018
300 ## - PHYSICAL DESCRIPTION
Number of Pages 194 p
942 ## - ADDED ENTRY ELEMENTS (KOHA)
Koha item type Books
Holdings
Withdrawn status Lost status Source of classification or shelving scheme Damaged status Not for loan Permanent Location Current Location Shelving location Date acquired Accession Number Price effective from Koha item type
    Library of Congress Classification     Law Library Law Library Items on shelf 04/23/2025 0190784 04/23/2025 Books